ロード中...

Moving to VB.NET: strategies, concepts, and code. 2nd Ed./

This book is divided into three parts, Strategies, Concepts, and Code. In Strategies, you'll learn how VB .NET is perfect for new development of Web and other server side applications - but that porting existing code may be disastrous - and how economics and human nature will play as strong a r...

詳細記述

書誌詳細
第一著者: Appleman, Dan
フォーマット: Printed Book
出版事項: Berkeley: Apress c2001.
シリーズ:Books for professionals by professionals
主題:
LEADER 02078 a2200217 4500
020 |a 1893115976 
082 |a 004.43 VB.NET 
100 1 |a Appleman, Dan  |9 5020 
245 1 0 |a Moving to VB.NET:  |b strategies, concepts, and code. 2nd Ed./  |c Dan Appleman. 
260 |a Berkeley:  |b Apress  |c c2001. 
300 |a xxi, 560 p.  |b ill. ;  |c 24 cm. 
440 0 |a Books for professionals by professionals  |9 5021 
500 |a Includes index. 
505 0 |a 1. Where should you begin? -- 2. Facing VB.NET without fear or panic -- 3. Adoption strategies -- 4. .NET in context -- 5. Inheritance -- 6. Memory management in VB.NET -- 7. VB.NET multireading -- 8. Data types and operators -- 9. Language syntax -- 10. Objects in-depth -- 11. Reflection and attributes -- 12. .NET namespaces: the grand tour -- 13. Windows applications -- 14. Internet applications and services -- 15. COM Interop and accessing the Win32 API -- 16. Living with .NET -- Conclusion. 
520 |a This book is divided into three parts, Strategies, Concepts, and Code. In Strategies, you'll learn how VB .NET is perfect for new development of Web and other server side applications - but that porting existing code may be disastrous - and how economics and human nature will play as strong a role as technology in how .NET is deployed. In Concepts, you'll learn key concepts such as inheritance and multithreading, and why they are over-hyped. You'll learn why Microsoft is killing COM. And you'll learn other important concepts that are unfamiliar to most VB6 programmers but crucial to VB .NET programmers. In Code, you'll learn the VB .NET language and many of its features - all based on your current knowledge of VB6. 
650 0 |a Visual programming (Computer science)  |9 5022 
650 0 |a Internet programming.  |9 5023 
942 |c BK  |2 ddc  |6 _ 
999 |c 84069  |d 84069 
952 |0 0  |1 0  |2 ddc  |4 0  |6 00443_VBNET1  |7 0  |9 103990  |a DCA  |b DCA  |d 2008-08-25  |o 004.43 VB.NET/1  |p CA004237  |r 2008-08-25  |u 165  |w 2008-08-25  |y for loan 
952 |0 0  |1 0  |2 ddc  |4 0  |6 00443_VBNET  |7 0  |9 103991  |a DCA  |b DCA  |d 2009-04-02  |o 004.43 VB.NET  |p CA003918  |r 2009-04-02  |w 2009-04-02  |y BK